[Event "Poznan op 26th"]
[White "Stachowiak, Slawomir"]
[Black "Dopierala, Adam"]
[Site "Poznan"]
[Round "1"]
[Result "1-0"]
[Date "2018.08.19"]
[WhiteElo "1872"]
[BlackElo "1305"]
[PlyCount "82"]
[EventDate "2018.08.19"]
[EventType "swiss"]
[EventRounds "9"]
[EventCountry "POL"]
[SourceTitle "CBM 186 Extra"]
[Source "ChessBase"]
[SourceDate "2018.08.24"]
[SourceVersion "1"]
[SourceVersionDate "2018.08.24"]
[SourceQuality "1"]

1. e4 e5 2. Nf3 Nc6 3. Bb5 Bc5 4. 0-0 d6 5. c3 Bd7 6. d4 Bb6 7. Bxc6 Bxc6 8. dxe5 Bxe4 9. exd6 Nf6 10. dxc7 Qxd1 11. Rxd1 Bxc7 12. Bg5 Bxf3 13. gxf3 Rd8 14. Nd2 h6 15. Be3 b6 16. Nb3 Nd5 17. Rd3 Ke7 18. Rad1 Nf4 19. Bxf4 Rxd3 20. Rxd3 Bxf4 21. Rd4 g5 22. Re4+ Kf6 23. Nd4 Rd8 24. Kg2 Bc1 25. Re2 Rd5 26. Rc2 Bf4 27. Ne2 Be5 28. c4 Rd1 29. b3 Rd3 30. Ng3 Kg6 31. c5 bxc5 32. Rxc5 f6 33. Ne4 h5 34. h3 Kf5 35. Rc7 g4 36. hxg4+ hxg4 37. Nd2 Rd4 38. fxg4+ Rxg4+ 39. Kf1 Rf4 40. Ne4 Bd4 41. Rc1 Bc5 1-0

[Event "POL-chT2"]
[White "Kocwin, Bartosz"]
[Black "Stachowiak, Slawomir"]
[Site "Poronin"]
[Round "5.91"]
[Result "1-0"]
[Date "2013.09.11"]
[WhiteElo "2195"]
[BlackElo "1976"]
[PlyCount "48"]
[EventDate "2013.09.06"]
[EventType "team-swiss"]
[EventRounds "9"]
[EventCountry "POL"]
[SourceTitle "EXT 2015"]
[Source "ChessBase"]
[SourceDate "2014.11.20"]
[SourceVersion "1"]
[SourceVersionDate "2014.11.20"]
[SourceQuality "1"]
[WhiteTeam "Strzelce Opolskie Strzelec"]
[BlackTeam "Steszew Lipno"]
[WhiteTeamCountry "POL"]
[BlackTeamCountry "POL"]

1. d4 d5 2. c4 e6 3. Nf3 Nd7 4. e3 Ngf6 5. Bd3 Be7 6. 0-0 0-0 7. Nc3 Re8 8. e4 dxe4 9. Nxe4 Nxe4 10. Bxe4 c5 11. Bc2 Nf6 12. b3 b6 13. Bb2 Bb7 14. Ne5 Qc7 15. Qe2 Rad8 16. Rad1 Ba8 17. Kh1 Rd6 18. dxc5 Qxc5 19. Rxd6 Bxd6 20. Rd1 Qc7 21. Ng4 Nxg4 22. Qxg4 Bf8 23. Bf6 Qc6 24. f3 Qc5 1-0

[Event "Trzcianka Dziedzic Memorial 3rd"]
[White "Krasenkow, Michal"]
[Black "Stachowiak, Slawomir"]
[Site "Trzcianka"]
[Round "2"]
[Result "1-0"]
[Date "2013.03.03"]
[WhiteElo "2643"]
[BlackElo "2006"]
[PlyCount "57"]
[EventDate "2013.03.03"]
[EventType "swiss (rapid)"]
[EventRounds "9"]
[EventCountry "POL"]
[SourceTitle "CBM 153 Extra"]
[Source "ChessBase"]
[SourceDate "2013.04.22"]
[SourceVersion "1"]
[SourceVersionDate "2013.04.22"]
[SourceQuality "1"]

1. e4 e5 2. Nf3 Nc6 3. Bb5 a6 4. Ba4 Nf6 5. d4 Nxe4 6. Qe2 d5 7. Nxe5 b5 8. Nxc6 Qd6 9. Bb3 Qxc6 10. f3 Bf5 11. fxe4 Bxe4 12. 0-0 0-0-0 13. Rxf7 Qg6 14. Rf1 Bd6 15. Nc3 Rde8 16. Nxe4 Rxe4 17. Qd3 c6 18. Qh3+ Kc7 19. c3 Ree8 20. Bf4 Bxf4 21. Rxf4 Re2 22. Rf2 Rxf2 23. Kxf2 Rf8+ 24. Kg1 Qf6 25. Qg3+ Kb7 26. Bc2 h6 27. Bd3 g5 28. Rf1 Qe7 29. Qe5 1-0

[Event "POL-chT3 Wielkopolska 1112"]
[White "Stachowiak, Slawomir"]
[Black "Kosmowski, Przemyslaw"]
[Site "Poland"]
[Round "3.3"]
[Result "1/2-1/2"]
[Date "2011.??.??"]
[WhiteElo "2024"]
[BlackElo "2176"]
[PlyCount "81"]
[EventDate "2011.11.27"]
[EventType "team-tourn"]
[EventRounds "11"]
[EventCountry "POL"]
[SourceTitle "EXT 2014"]
[Source "ChessBase"]
[SourceDate "2013.11.20"]
[SourceVersion "1"]
[SourceVersionDate "2013.11.20"]
[SourceQuality "1"]
[WhiteTeam "Steszew Lipno"]
[BlackTeam "Poznan Komandoria"]
[WhiteTeamCountry "POL"]
[BlackTeamCountry "POL"]

1. e4 c5 2. Nf3 e6 3. Be2 d6 4. d4 cxd4 5. Nxd4 Nf6 6. Nc3 a6 7. a4 b6 8. Be3 Nbd7 9. 0-0 Bb7 10. f3 Rc8 11. Qe1 Be7 12. Qg3 0-0 13. Bd3 Re8 14. Rad1 Nc5 15. e5 Nd5 16. Nxd5 Bxd5 17. b3 dxe5 18. Qxe5 Bd6 19. Qh5 g6 20. Qh6 Qf6 21. Rf2 Bf8 22. Qg5 Qxg5 23. Bxg5 e5 24. Ne2 Be6 25. Nc1 f5 26. Re2 Bf7 27. Rde1 e4 28. fxe4 fxe4 29. Bc4 Bxc4 30. bxc4 Nxa4 31. Rxe4 Rxe4 32. Rxe4 Nc3 33. Re6 Rxc4 34. Nd3 Nd5 35. Re8 Kg7 36. Rd8 Nb4 37. Rd7+ Kg8 38. Rd8 Nc6 39. Ra8 Kf7 40. Rxa6 Rxc2 41. Rxb6 1/2-1/2

[Event "Poznan op-A 18th"]
[White "Stachowiak, Slawomir"]
[Black "Dzwikowski, Adam"]
[Site "Poznan"]
[Round "5"]
[Result "1/2-1/2"]
[Date "2009.07.22"]
[WhiteElo "2027"]
[BlackElo "2017"]
[PlyCount "91"]
[EventDate "2009.07.19"]
[EventType "swiss"]
[EventRounds "9"]
[EventCountry "POL"]
[SourceTitle "CBM 131 Extra"]
[Source "ChessBase"]
[SourceDate "2009.09.03"]
[SourceVersion "2"]
[SourceVersionDate "2009.09.16"]
[SourceQuality "1"]

1. e4 d6 2. d4 Nf6 3. Nc3 g6 4. h3 Bg7 5. Nf3 0-0 6. Be3 Nbd7 7. Bc4 c6 8. a3 Nxe4 9. Nxe4 d5 10. Ned2 dxc4 11. Nxc4 Nb6 12. Nxb6 Qxb6 13. Rb1 Be6 14. Qc1 Ba2 15. Ra1 Bd5 16. c3 Qb5 17. Rg1 Bxf3 18. gxf3 Qf5 19. Rg3 e5 20. dxe5 Qxe5 21. f4 Qe6 22. Qc2 Rfd8 23. Kf1 Rd5 24. Kg2 Rad8 25. Re1 Rf5 26. Qe2 Re8 27. Qf3 Qc4 28. Rd1 a5 29. Rd7 Qb5 30. Rd2 Bf6 31. Kh2 Rd8 32. Rxd8+ Bxd8 33. Qe4 Qd5 34. Qxd5 Rxd5 35. Rg1 b5 36. Kg2 a4 37. Kf3 Kf8 38. Bd4 Bc7 39. Rg5 f5 40. Rg1 c5 41. Be3 Bd8 42. Ke2 Kf7 43. Rc1 c4 44. Re1 Be7 45. Rd1 Rxd1 46. Kxd1 1/2-1/2

[Event "Poznan op-A 17th"]
[White "Stachowiak, Slawomir"]
[Black "Zdanowicz, Lukasz"]
[Site "Poznan"]
[Round "8"]
[Result "0-1"]
[Date "2008.07.26"]
[WhiteElo "2059"]
[BlackElo "2059"]
[PlyCount "150"]
[EventDate "2008.07.19"]
[EventType "swiss"]
[EventRounds "9"]
[EventCountry "POL"]
[SourceTitle "EXT 2009"]
[Source "ChessBase"]
[SourceDate "2008.11.26"]
[SourceVersion "1"]
[SourceVersionDate "2008.11.26"]
[SourceQuality "1"]

1. e4 c6 2. d4 d5 3. exd5 cxd5 4. Bd3 Nc6 5. c3 Nf6 6. Nf3 Bg4 7. h3 Bh5 8. 0-0 e6 9. Qb3 Qc8 10. Nbd2 Bg6 11. Be2 h6 12. Re1 Be7 13. Bf1 0-0 14. Ne5 Nxe5 15. dxe5 Nd7 16. Nf3 Nc5 17. Qd1 Ne4 18. Be3 Qc7 19. Bd4 a6 20. Nd2 b5 21. Nxe4 dxe4 22. Qe2 Rfd8 23. g3 Bc5 24. Red1 Bxd4 25. cxd4 Qb6 26. Qe3 Rac8 27. Rd2 Qa5 28. a3 b4 29. Rdd1 Qb6 30. axb4 Qxb4 31. Bxa6 Rc2 32. b3 Rc3 33. Qd2 e3 34. fxe3 Qxb3 35. Qa2 Rxe3 36. Qxb3 Rxb3 37. Kf2 Be4 38. Be2 Rdb8 39. Rd2 Rc3 40. Bd1 Bf5 41. h4 g5 42. hxg5 hxg5 43. Raa2 Kg7 44. Bc2 Bh3 45. Ra1 Rb2 46. Rc1 g4 47. Re2 Rf3+ 48. Ke1 Rxg3 49. Kd2 Rf3 50. d5 exd5 51. e6 fxe6 52. Rxe6 g3 53. Rg6+ Kf7 54. Rc6 g2 55. Ra1 Rf2+ 56. Ke3 Rfxc2 57. Ra7+ Kf8 58. Ra8+ Ke7 59. Ra7+ Bd7 60. Rg6 Rc1 61. Kd3 g1Q 62. Rxd7+ Kxd7 63. Rd6+ Kc7 64. Rc6+ Kd7 65. Rd6+ Ke7 66. Re6+ Kf7 67. Rf6+ Kg7 68. Rf7+ Kg6 69. Rf6+ Kg5 70. Rf5+ Kg4 71. Rf4+ Kg3 72. Rf3+ Kg2 73. Rg3+ Kh1 74. Rh3+ Rh2 75. Rxh2+ Qxh2 0-1

[Event "Poznan op-A 17th"]
[White "Stachowiak, Slawomir"]
[Black "Duszczak, Dariusz"]
[Site "Poznan"]
[Round "7"]
[Result "0-1"]
[Date "2008.07.25"]
[WhiteElo "2059"]
[BlackElo "2001"]
[PlyCount "134"]
[EventDate "2008.07.19"]
[EventType "swiss"]
[EventRounds "9"]
[EventCountry "POL"]
[SourceTitle "EXT 2009"]
[Source "ChessBase"]
[SourceDate "2008.11.26"]
[SourceVersion "1"]
[SourceVersionDate "2008.11.26"]
[SourceQuality "1"]

1. e4 c6 2. d4 d5 3. exd5 cxd5 4. Bd3 Nc6 5. c3 Nf6 6. Nf3 Qc7 7. h3 g6 8. Qc2 Bg7 9. Be3 Bd7 10. Nbd2 0-0 11. Nf1 Rac8 12. a3 e5 13. dxe5 Nxe5 14. Nxe5 Qxe5 15. Ng3 d4 16. cxd4 Qd5 17. Qe2 Qxg2 18. Kd2 Qd5 19. Ke1 Rfe8 20. Kf1 Nh5 21. Rh2 Nf4 22. Bxf4 Rxe2 23. Bxe2 Qxd4 24. Be3 Qxb2 25. Rd1 Bb5 26. Rd2 Qa1+ 27. Kg2 Bc6+ 28. Bf3 Bxf3+ 29. Kxf3 Qxa3 30. Rh1 Bh6 31. Rhd1 Bxe3 32. fxe3 Rc7 33. Ne2 Re7 34. Rd3 Qa5 35. Nf4 Qf5 36. Kg3 Kg7 37. Nd5 Re5 38. Rd4 h5 39. R1d2 g5 40. h4 f6 41. hxg5 fxg5 42. Kg2 h4 43. R2d3 Re4 44. Rd2 Qg4+ 45. Kh1 Qh3+ 46. Kg1 Qg3+ 47. Kf1 Qf3+ 48. Kg1 Rxd4 49. Rxd4 h3 50. Rd2 g4 51. Kh2 a5 52. Nf4 b5 53. Ne6+ Kf6 54. Nf4 Qc6 55. Nd5+ Kg5 56. Kg3 b4 57. Nf4 Qf3+ 58. Kh2 g3+ 59. Kxh3 g2+ 60. Kh2 g1Q+ 61. Kxg1 Qxe3+ 62. Rf2 b3 63. Nd5 Qc1+ 64. Kh2 b2 65. Rg2+ Kf5 66. Ne3+ Qxe3 67. Rxb2 Qe5+ 0-1

[Event "Poznan op 16th"]
[White "Hemmerling, Jaroslaw"]
[Black "Stachowiak, Slawomir"]
[Site "Poznan"]
[Round "7"]
[Result "1-0"]
[Date "2007.07.27"]
[WhiteElo "2000"]
[BlackElo "2068"]
[PlyCount "111"]
[EventDate "2007.07.21"]
[EventType "swiss"]
[EventRounds "9"]
[EventCountry "POL"]
[SourceTitle "EXT 2010"]
[Source "ChessBase"]
[SourceDate "2010.11.25"]
[SourceVersion "1"]
[SourceVersionDate "2010.11.25"]
[SourceQuality "1"]

1. e4 e5 2. Nf3 Nc6 3. Bc4 Be7 4. d4 d6 5. dxe5 dxe5 6. Qxd8+ Bxd8 7. h3 Nf6 8. Nc3 0-0 9. Be3 Be7 10. a3 a6 11. 0-0-0 Bd7 12. g4 Rfd8 13. g5 Nh5 14. g6 hxg6 15. Rdg1 Kf8 16. Nd5 Bd6 17. Ng5 Be8 18. Rg4 b5 19. Ba2 Na5 20. f4 c6 21. fxe5 Bxe5 22. Bb6 cxd5 23. Bxa5 Nf6 24. Rh4 Rd7 25. Bb4+ Bd6 26. Rh8+ Ke7 27. e5 Bxb4 28. exf6+ gxf6 29. axb4 fxg5 30. Re1+ Kf6 31. Rhxe8 Rxe8 32. Rxe8 Kf5 33. Re3 g4 34. hxg4+ Kxg4 35. Rd3 f5 36. Bxd5 Re7 37. Kd2 f4 38. b3 g5 39. c4 Kh4 40. Rf3 Kg4 41. Kd3 Rd7 42. Rf1 Re7 43. c5 Kf5 44. Kd4 g4 45. c6 f3 46. Bxf3 gxf3 47. Rxf3+ Kg4 48. Re3 Rh7 49. Kc5 Kf4 50. Re8 Kf5 51. Kb6 Rh6 52. Kb7 Rh4 53. c7 Rxb4 54. c8Q+ Kg6 55. Qe6+ Kh7 56. Qg8+ 1-0

[Event "Poznan op 16th"]
[White "Stachowiak, Slawomir"]
[Black "Mackow, Pawel"]
[Site "Poznan"]
[Round "6"]
[Result "0-1"]
[Date "2007.07.26"]
[WhiteElo "2068"]
[BlackElo "2078"]
[PlyCount "142"]
[EventDate "2007.07.21"]
[EventType "swiss"]
[EventRounds "9"]
[EventCountry "POL"]
[SourceTitle "EXT 2010"]
[Source "ChessBase"]
[SourceDate "2010.11.25"]
[SourceVersion "1"]
[SourceVersionDate "2010.11.25"]
[SourceQuality "1"]

1. e4 c5 2. Nf3 d6 3. d4 cxd4 4. Nxd4 Nf6 5. Nc3 a6 6. Be2 e5 7. Nb3 Be7 8. 0-0 0-0 9. Be3 Be6 10. f4 exf4 11. Rxf4 Nc6 12. Nd5 Bxd5 13. exd5 Ne5 14. c4 Nfd7 15. Bd4 Rc8 16. Qf1 a5 17. a4 b6 18. Nc1 Bg5 19. Rf2 Nc5 20. Bxe5 dxe5 21. Rf3 e4 22. Rh3 Qf6 23. Qxf6 Bxf6 24. Ra2 Be5 25. Nb3 Rb8 26. Kf1 f5 27. Nxc5 bxc5 28. b3 Rb6 29. Bd1 g6 30. Re2 Kg7 31. Re1 h5 32. Kg1 Bd4+ 33. Kh1 Kf6 34. Rf1 Ke5 35. g3 Rbf6 36. Kg2 Be3 37. Kh1 Kd4 38. Be2 Ke5 39. g4 f4 40. gxh5 f3 41. Bd1 g5 42. h6 g4 43. Rh5+ Rf5 44. Rh4 Rg5 45. h7 Rh8 46. Bc2 Rg7 47. Re1 f2 48. Rf1 Rgxh7 49. Rxh7 Rxh7 50. Kg2 Kf4 51. Bd1 Bd4 52. Be2 Rh6 53. Rh1 Rg6 54. Bd1 Ke3 55. Bc2 Be5 56. Rf1 Rh6 57. Rh1 Bxh2 58. Bd1 g3 59. Bc2 Rf6 60. Rf1 Kf4 61. Rd1 Rd6 62. Bb1 Bg1 63. Rd2 Rh6 64. Bxe4 Kxe4 65. Rd1 Kf4 66. d6 Rh2+ 67. Kf1 g2+ 68. Ke2 f1Q+ 69. Rxf1+ gxf1Q+ 70. Kxf1 Be3 71. b4 Ke5 0-1

[Event "Poznan op-A"]
[White "Stachowiak, Slawomir"]
[Black "Shkapenko, Pavel"]
[Site "Poznan"]
[Round "1"]
[Result "0-1"]
[Date "2004.07.17"]
[WhiteElo "2058"]
[BlackElo "2363"]
[PlyCount "96"]
[EventDate "2004.07.17"]
[EventType "swiss"]
[EventRounds "9"]
[EventCountry "POL"]
[SourceTitle "EXT 2008"]
[Source "ChessBase"]
[SourceDate "2007.11.25"]
[SourceVersion "1"]
[SourceVersionDate "2007.11.25"]
[SourceQuality "1"]

1. e4 c5 2. Nf3 e6 3. Nc3 Nc6 4. d4 cxd4 5. Nxd4 Nf6 6. Ndb5 d6 7. Bf4 e5 8. Bg5 a6 9. Bxf6 gxf6 10. Na3 b5 11. Nd5 f5 12. Bd3 Be6 13. c3 Bg7 14. Qh5 Rc8 15. Nc2 f4 16. 0-0 Rb8 17. Ne1 Qd7 18. h3 Ne7 19. Nxe7 Kxe7 20. Nf3 Bf6 21. Ng5 Bxg5 22. Qxg5+ f6 23. Qh4 Rbg8 24. Kh2 Rg6 25. Rg1 Kf8 26. f3 Rhg8 27. Qf2 Rh6 28. Bf1 Rg3 29. Rh1 Rhg6 30. Rd1 Bxh3 31. Kg1 f5 32. exf5 Bxf5 33. Rh2 Kg8 34. c4 bxc4 35. Bxc4+ Kh8 36. Bxa6 Qc6 37. Bf1 Qxf3 38. Qxf3 Rxf3 39. b4 Ra3 40. Rd2 Be4 41. Kf2 Bb7 42. Bd3 e4 43. Bc2 e3+ 44. Ke2 Rxg2+ 45. Rxg2 Bxg2 46. Rxd6 f3+ 47. Kd1 f2 48. Rd8+ Kg7 0-1